Introduction to sociology : (Record no. 775)
[ view plain ]
| 000 -LEADER | |
|---|---|
| fixed length control field | 01230nam a2200409 a 4500 |
| 003 - CONTROL NUMBER IDENTIFIER | |
| control field | OCoLC |
| 005 - DATE AND TIME OF LATEST TRANSACTION | |
| control field | 20210617083036.0 |
| 008 - FIXED-LENGTH DATA ELEMENTS--GENERAL INFORMATION | |
| fixed length control field | 061212s2008 onca b 001 0 eng |
| 020 ## - INTERNATIONAL STANDARD BOOK NUMBER | |
| International Standard Book Number | 9780131751781 |
| 020 ## - INTERNATIONAL STANDARD BOOK NUMBER | |
| International Standard Book Number | 0131751786 |
| 040 ## - CATALOGING SOURCE | |
| Transcribing agency | NLC |
| 043 ## - GEOGRAPHIC AREA CODE | |
| Geographic area code | n-cn--- |
| 049 ## - LOCAL HOLDINGS (OCLC) | |
| Holding library | UOHA |
| 050 ## - LIBRARY OF CONGRESS CALL NUMBER | |
| Classification number | HM586 |
| Item number | .I57 2008 |
| 055 02 - CLASSIFICATION NUMBERS ASSIGNED IN CANADA | |
| Classification number | HM586 |
| 055 #0 - CLASSIFICATION NUMBERS ASSIGNED IN CANADA | |
| Classification number | HM586 |
| Item number | I57 2008 |
| 055 00 - CLASSIFICATION NUMBERS ASSIGNED IN CANADA | |
| Classification number | HM51 |
| Item number | I57 2008 fol |
| 090 ## - LOCALLY ASSIGNED LC-TYPE CALL NUMBER (OCLC); LOCAL CALL NUMBER (RLIN) | |
| Classification number (OCLC) (R) ; Classification number, CALL (RLIN) (NR) | HM51 .I.627 2008 |
| 245 00 - TITLE STATEMENT | |
| Title | Introduction to sociology : |
| Remainder of title | a Canadian focus / |
| Statement of responsibility, etc. | edited by W.E. Hewitt, Jerry White, James J. Teevan. |
| 250 ## - EDITION STATEMENT | |
| Edition statement | 9th ed. |
| 260 ## - PUBLICATION, DISTRIBUTION, ETC. | |
| Place of publication, distribution, etc. | Toronto : |
| Name of publisher, distributor, etc. | Pearson Prentice Hall, |
| Date of publication, distribution, etc. | c2008. |
| 300 ## - PHYSICAL DESCRIPTION | |
| Extent | xv, 479, 4 p. : |
| Other physical details | ill. (some col.) ; |
| Dimensions | 25 cm. |
| 500 ## - GENERAL NOTE | |
| General note | Includes index. |
| 504 ## - BIBLIOGRAPHY, ETC. NOTE | |
| Bibliography, etc. note | Includes bibliographical references: p. [428]-465. |
| 650 #0 - SUBJECT ADDED ENTRY--TOPICAL TERM | |
| Topical term or geographic name entry element | Sociology |
| Form subdivision | Textbooks. |
| 700 1# - ADDED ENTRY--PERSONAL NAME | |
| Personal name | Teevan, James J., |
| Dates associated with a name | 1942- |
| 700 1# - ADDED ENTRY--PERSONAL NAME | |
| Personal name | White, Jerry Patrick, |
| Dates associated with a name | 1951- |
| 700 1# - ADDED ENTRY--PERSONAL NAME | |
| Personal name | Hewitt, W. E. |
| Fuller form of name | (Warren Edward), |
| Dates associated with a name | 1954- |
| 907 ## - LOCAL DATA ELEMENT G, LDG (RLIN) | |
| a | .b29477505 |
| 942 ## - ADDED ENTRY ELEMENTS (KOHA) | |
| Source of classification or shelving scheme | |
| Koha item type | Book |
| Suppress in OPAC | so |
| Withdrawn status | Lost status | Source of classification or shelving scheme | Damaged status | Not for loan | Permanent Location | Current Location | Shelving location | Date acquired | Total Checkouts | Full call number | Barcode | Date last seen | Copy number | Price effective from | Koha item type | Public note |
|---|---|---|---|---|---|---|---|---|---|---|---|---|---|---|---|---|
| AU LIBRARY | AU LIBRARY | Open Shelf | 17.06.2021 | HM586 .I57 2008 C1 | 28000274 | 17.06.2021 | 1 | 17.06.2021 | Book | SO | ||||||
| AU LIBRARY | AU LIBRARY | Open Shelf | 17.06.2021 | HM586 .I57 2008 C2 | 28000825 | 17.06.2021 | 2 | 17.06.2021 | Book | SO | ||||||
| AU LIBRARY | AU LIBRARY | Open Shelf | 27.06.2021 | HM586 .I57 2008 C3 | 28000273 | 27.06.2021 | 3 | 27.06.2021 | Book | MM |